000 00430nam a2200181Ia 4500
005 20250603145736.0
008 250603s9999 xx 000 0 und d
020 _a9780367659134
050 _aQA 76.76 .D47/
100 _aAdair Dingle
245 0 _aSoftware essentials: design and construction
260 _aBoca Raton
260 _bCRC Press
260 _c2014
300 _a405 p
650 _aBoca Raton
942 _cBK
999 _c42720
_d42720